[Event "ODEM U25A 2011"]
[Site "Oberhof GER"]
[Date "2011.06.14"]
[Round "5"]
[White "Linnemann, Niklas"]
[Black "Schiefer, Peter"]
[Result "1-0"]
[Termination "normal"]
[Board "33"]
[WhiteElo "1847"]
[BlackElo "1597"]
[PlyCount "141"]
[WhiteFideId "24695645"]
[BlackFideId "12913200"]
[EventCountry "GER"]
[EventRounds "9"]
[EventType "swiss"]
[EventDate "2011.06.11"]

1. e4 e6 2. d4 d5 3. Nd2 c5 4. exd5 exd5 5. Ngf3 Nc6 6. Bb5 a6 7. Bxc6+ bxc6 8.
O-O Bd6 9. dxc5 Bxc5 10. Nb3 Be7 11. Nbd4 Bd7 12. Ne5 Rc8 13. Qh5 g6 14. Qe2 c5
15. Nxd7 Qxd7 16. Nf3 Qe6 17. Qxe6 fxe6 18. Re1 Kf7 19. Ne5+ Kg7 20. Nd3 Kf7
21. Bf4 Nf6 22. Re2 Rhe8 23. Rae1 c4 24. Ne5+ Kg7 25. Nf3 Ne4 26. Nd2 Nc5 27.
b4 cxb3 28. Nxb3 Kf7 29. Be5 Bf6 30. Nd4 Ne4 31. Bxf6 Kxf6 32. f3 Nc5 33. Nb3
Na4 34. Nd4 e5 35. g4 h6 36. h4 g5 37. h5 Nc3 38. Re3 Nxa2 39. Ra3 exd4 40.
Rxa6+ Kg7 41. Rxe8 Rxe8 42. Rxa2 Re2 43. Ra7+ Kf6 44. Rc7 Re7 45. Rc5 Ke5 46.
Kf2 Rd7 47. Rc8 Rd6 48. Ke2 Rf6 49. Rc7 Kf4 50. Rd7 Ke5 51. Rc7 Kf4 52. Kf2 Ke5
53. Kg3 d3 54. cxd3 Kd4 55. Rd7 Ke3 56. Kg2 d4 57. Rg7 Kxd3 58. Rg6 Rf7 59.
Rxh6 Re7 60. Rg6 Ke2 61. Rxg5 d3 62. Rd5 d2 63. g5 d1=Q 64. Rxd1 Kxd1 65. g6
Ke2 66. f4 Ke3 67. h6 Re6 68. f5 Re4 69. Kg3 Rf4 70. h7 Rxf5 71. h8=Q 1-0

[Event "ODEM U25A 2011"]
[Site "Oberhof GER"]
[Date "2011.06.14"]
[Round "5"]
[White "Dietrich, Franz"]
[Black "Bieg, Pascal"]
[Result "1/2-1/2"]
[Termination "normal"]
[Board "35"]
[WhiteElo "1509"]
[BlackElo "1841"]
[PlyCount "60"]
[WhiteFideId "1270312"]
[BlackFideId "12915645"]
[EventCountry "GER"]
[EventRounds "9"]
[EventType "swiss"]
[EventDate "2011.06.11"]

1. e4 c5 2. Nf3 d6 3. d4 cxd4 4. Nxd4 Nf6 5. Nc3 g6 6. Be2 Bg7 7. Be3 O-O 8.
O-O Nc6 9. Qd2 Bd7 10. f4 a6 11. f5 Ne5 12. Bh6 Bc6 13. Nxc6 bxc6 14. Bxg7 Kxg7
15. Kh1 Qa5 16. Rf4 g5 17. Rff1 h6 18. Bd3 Rad8 19. Qe2 Nxd3 20. Qxd3 Ng4 21.
h3 Ne5 22. Qe2 f6 23. Nd1 d5 24. exd5 Rxd5 25. Ne3 Qd2 26. Rfe1 Qxe2 27. Rxe2
Rd7 28. Rae1 Kf7 29. c3 Rfd8 30. Nc2 Rd1 1/2-1/2

[Event "ODEM U25A 2011"]
[Site "Oberhof GER"]
[Date "2011.06.14"]
[Round "5"]
[White "Hübner, Alan-Ari"]
[Black "Allin, Alexander"]
[Result "1/2-1/2"]
[Termination "normal"]
[Board "36"]
[WhiteElo "1625"]
[BlackElo "1492"]
[PlyCount "155"]
[WhiteFideId "12903965"]
[BlackFideId "12903698"]
[EventCountry "GER"]
[EventRounds "9"]
[EventType "swiss"]
[EventDate "2011.06.11"]

1. d4 d5 2. c4 e6 3. Nc3 Nf6 4. cxd5 exd5 5. Bg5 Nbd7 6. e3 Be7 7. Bd3 O-O 8.
Qc2 c6 9. Nge2 Re8 10. h3 Nf8 11. O-O-O a5 12. g4 b5 13. Rdg1 a4 14. Ng3 Qa5
15. Nce2 Bd7 16. Nf5 Bxf5 17. Bxf5 Ne4 18. Bxe7 Rxe7 19. Bxe4 dxe4 20. Qc5 Qa7
21. Qxa7 Rexa7 22. Kd2 b4 23. Rc1 Rc8 24. Rc4 Rb7 25. Rhc1 a3 26. b3 Rb6 27.
Ng3 Ng6 28. Nxe4 Ne7 29. Nd6 Rd8 30. Nf5 Nxf5 31. gxf5 Rd6 32. Kd3 Kf8 33. e4
Rh6 34. Rh1 Ke7 35. Ke3 Kd6 36. e5+ Kd7 37. h4 Rh5 38. Kf4 g6 39. fxg6 hxg6 40.
Ke4 Ke6 41. f4 Rh8 42. Rh2 Rh5 43. Rc5 Rh8 44. d5+ cxd5+ 45. Rxd5 Rc8 46. Rhd2
Rcc6 47. R5d4 f5+ 48. exf6 Kxf6 49. Rc4 Re6+ 50. Kf3 Rb5 51. Rdd4 Reb6 52. Ke4
Re6+ 53. Kf3 Reb6 54. Re4 Kf5 55. Kg3 Rb8 56. Kf3 R8b6 57. Re8 Rd6 58. Rce4
Rd3+ 59. Re3 Rxe3+ 60. Kxe3 Kg4 61. Rg8 Rb6 62. Rh8 Re6+ 63. Kd3 Kxf4 64. Rb8
Re3+ 65. Kd2 Re4 66. Rb6 Kf5 67. Rb5+ Kf6 68. h5 gxh5 69. Rxh5 Rg4 70. Rh2 Ke6
71. Re2+ Kd6 72. Kd3 Kd5 73. Re8 Rg3+ 74. Re3 Rxe3+ 75. Kxe3 Ke5 76. Kd3 Kd5
77. Ke3 Ke5 78. Kd3 1/2-1/2

[Event "ODEM U25A 2011"]
[Site "Oberhof GER"]
[Date "2011.06.14"]
[Round "5"]
[White "Brühan, Caren"]
[Black "Hoffmann, Dustin"]
[Result "1-0"]
[Termination "normal"]
[Board "37"]
[WhiteElo "1637"]
[BlackElo "1728"]
[PlyCount "71"]
[WhiteFideId "24691976"]
[BlackFideId "1270566"]
[EventCountry "GER"]
[EventRounds "9"]
[EventType "swiss"]
[EventDate "2011.06.11"]

1. d4 Nf6 2. Nf3 g6 3. c4 Bg7 4. Nc3 O-O 5. e4 d6 6. Be3 Nbd7 7. h3 e5 8. dxe5
Nxe5 9. Nxe5 dxe5 10. Be2 b6 11. O-O Bb7 12. Qc2 Qe7 13. Rad1 Rfd8 14. Bf3 h6
15. Qc1 Kh7 16. b3 a5 17. Rfe1 Bc6 18. Qc2 Qb4 19. Bd2 Qe7 20. Nd5 Nxd5 21.
exd5 Bb7 22. Re2 Qd6 23. Bc3 f5 24. Re3 Bf6 25. Qb2 Re8 26. Rde1 c6 27. Bxe5
Rxe5 28. Rxe5 Re8 29. Rxe8 Bxb2 30. R1e7+ Bg7 31. Rxb7 cxd5 32. Bxd5 Qf4 33. g3
Qd2 34. Ree7 h5 35. Rxg7+ Kh6 36. h4 1-0

[Event "ODEM U25A 2011"]
[Site "Oberhof GER"]
[Date "2011.06.14"]
[Round "5"]
[White "Zeller, Lukas"]
[Black "Wissel, Florian"]
[Result "1-0"]
[Termination "normal"]
[Board "38"]
[WhiteElo "1662"]
[BlackElo "1676"]
[PlyCount "79"]
[WhiteFideId "1271152"]
[EventCountry "GER"]
[EventRounds "9"]
[EventType "swiss"]
[EventDate "2011.06.11"]

1. d4 d5 2. Nf3 Nf6 3. Bf4 e6 4. e3 Nbd7 5. Nbd2 Be7 6. c4 c6 7. Rc1 O-O 8. Bd3
b6 9. cxd5 cxd5 10. Qc2 Bb7 11. O-O Rc8 12. Bc7 Qe8 13. Qa4 Bd8 14. Bxd8 Qxd8
15. Qxa7 Bc6 16. Qa3 Bb7 17. Bb5 Ra8 18. Qb3 Ba6 19. Bxa6 Rxa6 20. Rc3 Qa8 21.
a3 Rc8 22. Rfc1 Rxc3 23. Rxc3 b5 24. Qc2 Nb6 25. Ne5 g6 26. Rb3 Qe8 27. Qc7 Na8
28. Qc5 Rb6 29. a4 Ra6 30. axb5 Ra1+ 31. Nf1 Ne4 32. Qc2 Nb6 33. f3 Nd6 34. Qc6
Qxc6 35. bxc6 Ndc4 36. Nxc4 Nxc4 37. c7 Nd6 38. Rb8+ Kg7 39. c8=Q Nxc8 40. Rxc8
1-0

[Event "ODEM U25A 2011"]
[Site "Oberhof GER"]
[Date "2011.06.14"]
[Round "5"]
[White "Usczeck, Lukas"]
[Black "Holle, Eric"]
[Result "1/2-1/2"]
[Termination "normal"]
[Board "39"]
[WhiteElo "1524"]
[BlackElo "1685"]
[PlyCount "41"]
[WhiteFideId "12937827"]
[BlackFideId "4624610"]
[EventCountry "GER"]
[EventRounds "9"]
[EventType "swiss"]
[EventDate "2011.06.11"]

1. e4 e6 2. d4 d5 3. Nc3 Nf6 4. exd5 exd5 5. Bg5 c6 6. Bd3 Bd6 7. Nge2 O-O 8.
Qd2 Bg4 9. f3 Be6 10. g4 Nbd7 11. O-O-O b5 12. Ng3 a5 13. Nce2 b4 14. h4 a4 15.
Bf4 Qe7 16. Bxd6 Qxd6 17. g5 Ne8 18. h5 c5 19. Nf5 Bxf5 20. Bxf5 c4 21. Qf4
1/2-1/2

[Event "ODEM U25A 2011"]
[Site "Oberhof GER"]
[Date "2011.06.14"]
[Round "5"]
[White "Schreiber, Justina"]
[Black "Tarakanova, Valeria"]
[Result "1-0"]
[Termination "normal"]
[Board "40"]
[WhiteElo "1467"]
[BlackElo "1740"]
[PlyCount "83"]
[WhiteFideId "24661570"]
[BlackFideId "24179205"]
[EventCountry "GER"]
[EventRounds "9"]
[EventType "swiss"]
[EventDate "2011.06.11"]

1. e4 e5 2. Nf3 Nc6 3. Bc4 Nf6 4. d3 Be7 5. Nc3 O-O 6. Bg5 h6 7. Bh4 Nxe4 8.
Bxe7 Nxc3 9. Bxd8 Nxd1 10. Bxc7 Nxb2 11. Bb3 b5 12. O-O a5 13. a3 Re8 14. Rfe1
Bb7 15. Bxe5 Nxe5 16. Nxe5 d6 17. Bxf7+ Kf8 18. Bxe8 Rxe8 19. Nd7+ Kf7 20. Rxe8
Kxe8 21. Nb6 Kd8 22. Rb1 Kc7 23. Rxb2 Kxb6 24. c4 b4 25. axb4 axb4 26. Rxb4+
Kc7 27. Kf1 g5 28. g3 Bf3 29. Ke1 Kc6 30. Kd2 d5 31. Ke3 Bg2 32. f3 dxc4 33.
Rxc4+ Kd5 34. Rc8 Bh3 35. Rh8 Bf5 36. Rxh6 g4 37. Rh5 Ke6 38. Rxf5 Kxf5 39. f4
Ke6 40. Ke4 Kd6 41. f5 Ke7 42. d4 1-0

[Event "ODEM U25A 2011"]
[Site "Oberhof GER"]
[Date "2011.06.17"]
[Round "8"]
[White "Mazarov, Jürgen"]
[Black "Walter, Florian"]
[Result "0-1"]
[Termination "normal"]
[Board "1"]
[WhiteElo "2153"]
[BlackElo "2083"]
[PlyCount "104"]
[WhiteFideId "24617768"]
[BlackFideId "24677450"]
[EventCountry "GER"]
[EventRounds "9"]
[EventType "swiss"]
[EventDate "2011.06.11"]

1. e4 g6 2. h4 d5 3. exd5 Nf6 4. Bc4 Nxd5 5. h5 Bg7 6. Qf3 e6 7. Nc3 Nb4 8. Bb3
N8c6 9. Nge2 Bd7 10. h6 Bf8 11. a3 Na6 12. d4 Bd6 13. Ne4 Be7 14. Bf4 f5 15.
N4c3 Bf6 16. O-O-O Qe7 17. d5 Na5 18. Ba2 e5 19. d6 cxd6 20. Nd5 Bc6 21. Qc3
Bxd5 22. Bxd5 Qc7 23. Bd2 Nc6 24. b4 Rb8 25. Qb3 Kd8 26. b5 Nc5 27. Qe3 Ne7 28.
Bb4 b6 29. Ba2 Ne4 30. Kb1 Rc8 31. Qd3 Nxf2 32. Qxd6+ Qxd6 33. Rxd6+ Ke8 34.
Rxf6 Nxh1 35. Re6 Rc7 36. Rxe5 Nf2 37. Nd4 Ng4 38. Re2 Nf6 39. Nc6 Ne4 40. Nxe7
Rxe7 41. Bxe7 Nc3+ 42. Kb2 Nxe2 43. Bf6 Rf8 44. Bg7 Nf4 45. Bxf8 Kxf8 46. Kc3
Nxg2 47. Kd4 f4 48. Ke4 g5 49. Be6 Ne3 50. c4 Ke7 51. Bg8 Ng4 52. Kf5 Nxh6+ 0-1

[Event "ODEM U25A 2011"]
[Site "Oberhof GER"]
[Date "2011.06.17"]
[Round "8"]
[White "Gölz, Daniel"]
[Black "Figura, Atila Gajo"]
[Result "0-1"]
[Termination "normal"]
[Board "2"]
[BlackTitle "FM"]
[WhiteElo "2103"]
[BlackElo "2364"]
[PlyCount "78"]
[WhiteFideId "24626325"]
[BlackFideId "4688058"]
[EventCountry "GER"]
[EventRounds "9"]
[EventType "swiss"]
[EventDate "2011.06.11"]

1. e4 e6 2. d4 d5 3. Nc3 Nf6 4. Bg5 Bb4 5. e5 h6 6. Bd2 Bxc3 7. bxc3 Ne4 8. Qg4
g6 9. Bd3 Nxd2 10. Kxd2 c5 11. h4 Nc6 12. Rh3 Qe7 13. Nf3 Bd7 14. a4 O-O-O 15.
Qf4 c4 16. Be2 Rdf8 17. Rg3 Be8 18. h5 gxh5 19. Rg7 Qd8 20. a5 Ne7 21. Rg3 Ng6
22. Qe3 f5 23. exf6 Qxf6 24. Rh1 Qf5 25. Nh4 Nxh4 26. Rxh4 Ba4 27. Ke1 Qxc2 28.
a6 Qb1+ 29. Kd2 Qb2+ 30. Ke1 Qa1+ 31. Kd2 Qa2+ 32. Ke1 Qb1+ 33. Kd2 Bd7 34.
axb7+ Qxb7 35. Rxh5 a5 36. Bd1 a4 37. Rg7 a3 38. Ba4 Qb2+ 39. Ke1 a2 0-1

[Event "ODEM U25A 2011"]
[Site "Oberhof GER"]
[Date "2011.06.17"]
[Round "8"]
[White "ten Hagen, Yorick"]
[Black "Weber, Max"]
[Result "0-1"]
[Termination "normal"]
[Board "3"]
[WhiteElo "2197"]
[BlackElo "2023"]
[PlyCount "48"]
[WhiteFideId "1020072"]
[BlackFideId "4624831"]
[EventCountry "GER"]
[EventRounds "9"]
[EventType "swiss"]
[EventDate "2011.06.11"]

1. d4 Nf6 2. c4 g6 3. g3 d5 4. Nf3 Bg7 5. Bg2 dxc4 6. Nbd2 O-O 7. Nxc4 c6 8.
O-O Be6 9. Qc2 h6 10. Rd1 Nbd7 11. Bf4 Nd5 12. Bd2 N7b6 13. b3 Qc8 14. e4 Nf6
15. Bb4 Re8 16. Nfe5 Ng4 17. Nxb6 axb6 18. Nc4 Bxc4 19. Qxc4 c5 20. h3 cxb4 21.
hxg4 Qxg4 22. Qxb4 Rxa2 23. Qxb6 Rea8 24. Rac1 Rxf2 0-1

[Event "ODEM U25A 2011"]
[Site "Oberhof GER"]
[Date "2011.06.17"]
[Round "8"]
[White "Fichtner, Ewald"]
[Black "von Meijenfeldt, Bart"]
[Result "1-0"]
[Termination "normal"]
[Board "4"]
[WhiteElo "1991"]
[BlackElo "2149"]
[PlyCount "79"]
[WhiteFideId "1270194"]
[BlackFideId "1032259"]
[EventCountry "GER"]
[EventRounds "9"]
[EventType "swiss"]
[EventDate "2011.06.11"]

1. d4 Nf6 2. Nf3 g6 3. Bf4 Bg7 4. e3 c5 5. c3 cxd4 6. exd4 O-O 7. Nbd2 Nc6 8.
Be2 d6 9. O-O Re8 10. h3 e5 11. dxe5 dxe5 12. Bg5 Qc7 13. Qa4 Bf5 14. Bb5 Nd5
15. Rfe1 Nb6 16. Qh4 a6 17. Bf1 e4 18. Nxe4 Rxe4 19. Rxe4 f6 20. Bf4 Qf7 21.
Ree1 g5 22. Nxg5 fxg5 23. Bxg5 Ne5 24. Rad1 Qg6 25. Kh1 Nbd7 26. Bf4 Qf7 27.
Bxe5 Nxe5 28. Rd8+ Rxd8 29. Qxd8+ Qf8 30. Bc4+ Nxc4 31. Re8 Nd6 32. Rxf8+ Bxf8
33. c4 Be4 34. b3 Bc6 35. a3 Ne4 36. g3 Nxg3+ 37. Kh2 Nf5 38. Qg5+ Ng7 39. b4
Kf7 40. b5 1-0

[Event "ODEM U25A 2011"]
[Site "Oberhof GER"]
[Date "2011.06.17"]
[Round "8"]
[White "Zuferi, Enis"]
[Black "Tomaszewska, Luiza"]
[Result "1/2-1/2"]
[Termination "normal"]
[Board "5"]
[WhiteElo "2009"]
[BlackElo "1994"]
[PlyCount "88"]
[WhiteFideId "24692530"]
[BlackFideId "1171089"]
[EventCountry "GER"]
[EventRounds "9"]
[EventType "swiss"]
[EventDate "2011.06.11"]

1. d4 Nf6 2. c4 d6 3. Nc3 Nbd7 4. Nf3 e5 5. g3 g6 6. Bg2 Bg7 7. O-O O-O 8. Re1
c6 9. e4 Qc7 10. Rb1 a6 11. Be3 b5 12. cxb5 axb5 13. d5 b4 14. dxc6 bxc3 15.
cxd7 c2 16. Qc1 Bxd7 17. Ra1 Be6 18. Re2 Bxa2 19. Rxc2 Qb7 20. Rc7 Qb4 21. Ba7
Be6 22. Ne1 Rac8 23. Nd3 Qb3 24. Rc3 Rxc3 25. Qxc3 Qxc3 26. bxc3 Rc8 27. Ra3 d5
28. Nxe5 Nxe4 29. Bd4 Nd6 30. Rb3 Nf5 31. f4 Nxd4 32. cxd4 Bxe5 33. fxe5 Rc1+
34. Kf2 Rc2+ 35. Kf3 Bf5 36. Bf1 Rxh2 37. Rb5 Rh1 38. Be2 Be4+ 39. Kf4 Kg7 40.
Rb7 Rh2 41. Bg4 h5 42. Bc8 Rc2 43. Bh3 Kf8 44. Rb8+ Kg7 1/2-1/2

[Event "ODEM U25A 2011"]
[Site "Oberhof GER"]
[Date "2011.06.17"]
[Round "8"]
[White "Höpfner, Tim"]
[Black "Adelhütte, Dennis"]
[Result "1-0"]
[Termination "normal"]
[Board "6"]
[WhiteElo "1936"]
[BlackElo "2003"]
[PlyCount "85"]
[WhiteFideId "4638310"]
[BlackFideId "4661265"]
[EventCountry "GER"]
[EventRounds "9"]
[EventType "swiss"]
[EventDate "2011.06.11"]

1. d4 Nf6 2. c4 g6 3. Nc3 d5 4. Nf3 Bg7 5. Bf4 O-O 6. cxd5 Nxd5 7. Nxd5 Qxd5 8.
Bxc7 Na6 9. Bf4 Bf5 10. Bd2 Bxd4 11. Nxd4 Qxd4 12. Bc3 Qxd1+ 13. Rxd1 Rfd8 14.
f3 Rxd1+ 15. Kxd1 Bb1 16. a3 Nc5 17. Kc1 Ba2 18. e3 Rd8 19. Be2 Bb3 20. Bd4 Na4
21. Bd1 Bxd1 22. Rxd1 Rc8+ 23. Kb1 b6 24. Rc1 Rxc1+ 25. Kxc1 f6 26. e4 e5 27.
Bf2 Kf7 28. Kc2 Ke6 29. Kb3 b5 30. Bxa7 f5 31. Kc2 Kd6 32. b3 Nc5 33. Bxc5+
Kxc5 34. Kc3 f4 35. a4 b4+ 36. Kd3 g5 37. a5 h5 38. a6 Kb6 39. Kc4 g4 40. Kxb4
h4 41. h3 gxh3 42. gxh3 Kxa6 43. Kc5 1-0

[Event "ODEM U25A 2011"]
[Site "Oberhof GER"]
[Date "2011.06.17"]
[Round "8"]
[White "Wisheckel, Lena"]
[Black "Grigoryeva, Olga"]
[Result "1/2-1/2"]
[Termination "normal"]
[Board "7"]
[WhiteElo "1760"]
[BlackElo "2087"]
[PlyCount "40"]
[WhiteFideId "24691992"]
[BlackFideId "24132594"]
[EventCountry "GER"]
[EventRounds "9"]
[EventType "swiss"]
[EventDate "2011.06.11"]

1. e4 e5 2. Nf3 Nc6 3. d4 exd4 4. Nxd4 Bc5 5. Be3 Qf6 6. Nb5 Bxe3 7. fxe3 Qh4+
8. g3 Qxe4 9. Nxc7+ Kd8 10. Nxa8 d5 11. Nc3 Qxh1 12. Qxd5+ Qxd5 13. Nxd5 Nge7
14. Nac7 Nxd5 15. Nxd5 Re8 16. O-O-O Bg4 17. Nf6+ Bxd1 18. Nxe8 Kxe8 19. Kxd1
Ne5 20. Be2 Ke7 1/2-1/2

[Event "ODEM U25A 2011"]
[Site "Oberhof GER"]
[Date "2011.06.17"]
[Round "8"]
[White "Nötzel, Felix"]
[Black "Nehls, Benedikt"]
[Result "0-1"]
[Termination "normal"]
[Board "8"]
[WhiteElo "2042"]
[BlackElo "1894"]
[PlyCount "62"]
[WhiteFideId "24637416"]
[BlackFideId "24656771"]
[EventCountry "GER"]
[EventRounds "9"]
[EventType "swiss"]
[EventDate "2011.06.11"]

1. e4 c5 2. d4 cxd4 3. c3 dxc3 4. Nxc3 Nc6 5. Nf3 e6 6. Bc4 Nf6 7. O-O Qc7 8.
Qe2 Ng4 9. h3 Nd4 10. hxg4 Nxe2+ 11. Bxe2 d6 12. Be3 Be7 13. Rac1 Qa5 14. Nd2
Bd7 15. Nc4 Qd8 16. f4 O-O 17. Rf3 b5 18. Nd2 Rc8 19. a3 a5 20. b4 axb4 21.
axb4 d5 22. Bd4 dxe4 23. Ndxe4 Bxb4 24. Rd1 Qe7 25. Rh3 f5 26. gxf5 exf5 27.
Ng5 Bxc3 28. Bxc3 Qxe2 29. Rxd7 Rxc3 30. Rxh7 Qe1+ 31. Kh2 Qg3+ 0-1

[Event "ODEM U25A 2011"]
[Site "Oberhof GER"]
[Date "2011.06.17"]
[Round "8"]
[White "Rudenok, Tatiana"]
[Black "van gen Hassend, Max"]
[Result "0-1"]
[Termination "normal"]
[Board "9"]
[WhiteElo "1980"]
[BlackElo "1988"]
[PlyCount "80"]
[WhiteFideId "4123379"]
[BlackFideId "12934569"]
[EventCountry "GER"]
[EventRounds "9"]
[EventType "swiss"]
[EventDate "2011.06.11"]

1. e4 c5 2. Nc3 d6 3. g3 Nc6 4. Bg2 g6 5. d3 Bg7 6. f4 e6 7. Nf3 Nge7 8. O-O
O-O 9. Bd2 a6 10. Rb1 f5 11. Re1 Nd4 12. exf5 Nexf5 13. Nxd4 Bxd4+ 14. Kh1 Bf2
15. Ne4 Bxe1 16. Qxe1 Qe7 17. Qf2 Rb8 18. b4 d5 19. Nxc5 b6 20. Nb3 Qf6 21. Bc1
Bb7 22. Qxb6 Ba8 23. Qf2 Qc3 24. Bb2 Qxb4 25. Qe2 Qe7 26. Qe5 Ng7 27. Re1 Rbc8
28. Nd4 Qc7 29. Qe2 Rce8 30. Nf3 Bb7 31. Ne5 Rc8 32. c4 dxc4 33. dxc4 Rb8 34.
Ba3 Rfd8 35. c5 Bxg2+ 36. Qxg2 Qa5 37. Qe4 Qxa3 38. Nc6 Qxc5 39. Nxb8 Rxb8 40.
Re2 Qd5 0-1

[Event "ODEM U25A 2011"]
[Site "Oberhof GER"]
[Date "2011.06.17"]
[Round "8"]
[White "Baier, Christoph"]
[Black "Schirrmacher, Carsten"]
[Result "0-1"]
[Termination "normal"]
[Board "10"]
[WhiteElo "1898"]
[BlackElo "2067"]
[PlyCount "44"]
[WhiteFideId "24655759"]
[BlackFideId "24610445"]
[EventCountry "GER"]
[EventRounds "9"]
[EventType "swiss"]
[EventDate "2011.06.11"]

1. d4 d5 2. c4 e6 3. Nc3 c5 4. cxd5 exd5 5. Nf3 Nc6 6. g3 Nf6 7. Bg2 Be7 8. O-O
O-O 9. Be3 c4 10. Ne5 h6 11. Rc1 Re8 12. b3 Ba3 13. Nxc6 bxc6 14. Rc2 Bf5 15.
Rd2 Bb4 16. Qa1 Qa5 17. Rc1 cxb3 18. a4 Rab8 19. Qb2 Bxc3 20. Rxc3 Qxa4 21. Rd1
Bc2 22. Ra1 Qxa1+ 0-1

[Event "ODEM U25A 2011"]
[Site "Oberhof GER"]
[Date "2011.06.17"]
[Round "8"]
[White "Bivol, Alina"]
[Black "Kieslich, Aaron"]
[Result "1-0"]
[Termination "normal"]
[Board "11"]
[WhiteElo "2137"]
[BlackElo "1815"]
[PlyCount "63"]
[WhiteFideId "4100123"]
[BlackFideId "1270391"]
[EventCountry "GER"]
[EventRounds "9"]
[EventType "swiss"]
[EventDate "2011.06.11"]

1. e4 c5 2. c3 d5 3. exd5 Qxd5 4. d4 g6 5. Nf3 Bg7 6. Be2 Nf6 7. O-O O-O 8. Re1
Nc6 9. c4 Qd6 10. d5 Ne5 11. Nxe5 Qxe5 12. Bf3 Qd6 13. Nc3 a6 14. Bg5 Bf5 15.
Qb3 b6 16. Bh4 Ra7 17. a4 h5 18. a5 bxa5 19. Rxa5 Rb8 20. Qa3 Qb6 21. Nb5 Raa8
22. Bg3 Rc8 23. d6 axb5 24. Rxa8 Rxa8 25. Qxa8+ Kh7 26. dxe7 Bd7 27. Qd8 Qa6
28. Qxd7 Nxd7 29. e8=Q Qa5 30. Rd1 Nf6 31. Qxf7 Qa4 32. Be5 1-0

[Event "ODEM U25A 2011"]
[Site "Oberhof GER"]
[Date "2011.06.17"]
[Round "8"]
[White "Müller, Philipp"]
[Black "Krause, Jonah"]
[Result "1/2-1/2"]
[Termination "normal"]
[Board "12"]
[WhiteElo "2035"]
[BlackElo "1911"]
[PlyCount "43"]
[WhiteFideId "24683701"]
[BlackFideId "12907910"]
[EventCountry "GER"]
[EventRounds "9"]
[EventType "swiss"]
[EventDate "2011.06.11"]

1. e4 c6 2. d4 d5 3. exd5 cxd5 4. c4 Nf6 5. Nc3 e6 6. Nf3 Bb4 7. Bd3 dxc4 8.
Bxc4 O-O 9. O-O b6 10. Bg5 Bb7 11. Re1 Nbd7 12. Rc1 a6 13. Qb3 Bxc3 14. Rxc3 b5
15. Ne5 h6 16. Nxd7 bxc4 17. Nxf6+ gxf6 18. Qxb7 hxg5 19. Qe4 Qd5 20. Qe2 Rab8
21. Qh5 Kg7 22. Re5 1/2-1/2

[Event "ODEM U25A 2011"]
[Site "Oberhof GER"]
[Date "2011.06.17"]
[Round "8"]
[White "Siebarth, Marco"]
[Black "Pererva, Viktor"]
[Result "0-1"]
[Termination "normal"]
[Board "13"]
[WhiteElo "2034"]
[BlackElo "1956"]
[PlyCount "58"]
[WhiteFideId "24604330"]
[BlackFideId "24696463"]
[EventCountry "GER"]
[EventRounds "9"]
[EventType "swiss"]
[EventDate "2011.06.11"]

1. e4 e5 2. Bc4 Nf6 3. d3 Nc6 4. Nf3 Be7 5. c3 O-O 6. Bb3 d5 7. Qe2 Re8 8. O-O
Bg4 9. h3 Bh5 10. Nbd2 dxe4 11. dxe4 Bc5 12. Rd1 Qe7 13. Nf1 Rad8 14. Rxd8 Rxd8
15. Ng3 Bg6 16. Bg5 h6 17. Bh4 Rd7 18. Nf5 Bxf5 19. exf5 e4 20. Nh2 Ne5 21. Bc2
Nd3 22. b4 Bb6 23. Ng4 Nf4 24. Nxf6+ Qxf6 25. Qg4 Qxc3 26. f6 Qxa1+ 27. Kh2 Ng6
28. Bb3 Qe5+ 29. g3 Rd2 0-1

[Event "ODEM U25A 2011"]
[Site "Oberhof GER"]
[Date "2011.06.17"]
[Round "8"]
[White "Ehlers, Michael"]
[Black "Marx, Inga"]
[Result "1-0"]
[Termination "normal"]
[Board "14"]
[WhiteElo "1932"]
[BlackElo "1773"]
[PlyCount "65"]
[WhiteFideId "4674537"]
[BlackFideId "4654749"]
[EventCountry "GER"]
[EventRounds "9"]
[EventType "swiss"]
[EventDate "2011.06.11"]

1. e4 c5 2. Nf3 Nc6 3. d4 cxd4 4. Nxd4 e5 5. Nb5 a6 6. Nd6+ Bxd6 7. Qxd6 Qf6 8.
Qd1 Qg6 9. Nc3 Nge7 10. Be3 d5 11. exd5 Nb4 12. Rc1 Bf5 13. d6 Rd8 14. Bc5
Nxc2+ 15. Rxc2 Bxc2 16. Qf3 Nc6 17. Bc4 Qf5 18. Qe2 e4 19. Nd5 Ba4 20. Nc7+ Kd7
21. Qe3 Ne5 22. Be2 Bc6 23. O-O h5 24. b4 Rh6 25. b5 axb5 26. Nxb5 Ng4 27. Qd4
Rg6 28. Na7 Ra8 29. Nxc6 Kxc6 30. Bb4 Kd7 31. Qb6 Ke8 32. Qxb7 Qe5 33. Bb5+ 1-0

[Event "ODEM U25A 2011"]
[Site "Oberhof GER"]
[Date "2011.06.17"]
[Round "8"]
[White "Stark, Timo"]
[Black "Zimmer, Ketsarin"]
[Result "1-0"]
[Termination "normal"]
[Board "15"]
[WhiteElo "1842"]
[BlackElo "1748"]
[PlyCount "91"]
[WhiteFideId "4670183"]
[BlackFideId "4696182"]
[EventCountry "GER"]
[EventRounds "9"]
[EventType "swiss"]
[EventDate "2011.06.11"]

1. e4 c5 2. Nf3 a6 3. d4 cxd4 4. Nxd4 Nf6 5. Nc3 e5 6. Nf3 Bb4 7. Bd3 O-O 8.
Bd2 Nc6 9. a3 Ba5 10. O-O Re8 11. b4 Bc7 12. Bg5 Bd6 13. Bxa6 Rxa6 14. Qxd6 Nd4
15. Bxf6 Nxf3+ 16. gxf3 Qxf6 17. Qxf6 Rxf6 18. Rfd1 Rxf3 19. Rd3 Rf4 20. f3 Re6
21. Nd5 Rh4 22. Rad1 Kf8 23. Rc3 Rc6 24. Rdd3 b5 25. Nb6 Rxb6 26. Rxc8+ Ke7 27.
Rc7 Rd6 28. Rb7 f5 29. Rxb5 fxe4 30. Rxe5+ Re6 31. Rxe6+ dxe6 32. fxe4 Rxe4 33.
Kf2 Kf6 34. c3 g5 35. a4 h5 36. h3 h4 37. a5 g4 38. hxg4 Rxg4 39. a6 Rg8 40. b5
Ra8 41. Rd7 e5 42. a7 Ke6 43. Rg7 h3 44. b6 h2 45. Rh7 Kd6 46. b7 1-0

[Event "ODEM U25A 2011"]
[Site "Oberhof GER"]
[Date "2011.06.17"]
[Round "8"]
[White "Kast, Joannis"]
[Black "Wurm, Alexander"]
[Result "0-1"]
[Termination "normal"]
[Board "16"]
[WhiteElo "1745"]
[BlackElo "2062"]
[PlyCount "104"]
[WhiteFideId "24698776"]
[BlackFideId "24637246"]
[EventCountry "GER"]
[EventRounds "9"]
[EventType "swiss"]
[EventDate "2011.06.11"]

1. e4 e6 2. d4 d5 3. Nd2 Nf6 4. Bd3 c5 5. e5 Nfd7 6. c3 Nc6 7. Ngf3 Qb6 8. O-O
cxd4 9. cxd4 Nxd4 10. Nxd4 Qxd4 11. Nf3 Qb6 12. Qa4 a6 13. a3 Be7 14. Qg4 g6
15. Bh6 Qxb2 16. Rfc1 Nxe5 17. Nxe5 Qxe5 18. Bf4 Qf6 19. Ra2 Bd7 20. Rac2 e5
21. Qf3 exf4 22. Qxd5 Bc6 23. Qa5 Qg5 24. Qxg5 Bxg5 25. Re1+ Kf8 26. f3 Kg7 27.
Rce2 Rhe8 28. Kf2 Rxe2+ 29. Rxe2 Re8 30. Rc2 Bf6 31. Be2 Bd4+ 32. Kf1 Bb5 33.
Bxb5 axb5 34. g4 Re3 35. Kg2 Rxa3 36. Rd2 Bc3 37. Rc2 b4 38. h4 Rb3 39. Kh3 Rb2
40. Rc1 Rf2 41. g5 Rxf3+ 42. Kg2 Rg3+ 43. Kh2 b3 44. Rb1 b2 45. h5 Rxg5 46.
hxg6 Rxg6 47. Kh3 f3 48. Kh2 f2 49. Rf1 Be1 50. Kh3 b1=Q 51. Kh2 Qf5 52. Rxe1
Qh5# 0-1